[Event "13th Open A"]
[Site "Zadar CRO"]
[Date "2006.12.16"]
[Round "8"]
[White "Sedlak, N."]
[Black "Kovacevic, A."]
[Result "1/2-1/2"]
[WhiteElo "2549"]
[BlackElo "2541"]
[PlyCount "21"]
[EventDate "2006.12.11"]
[SourceDate "1999.07.01"]

1. d4 Nf6 2. c4 e6 3. Nf3 b6 4. a3 Bb7 5. Nc3 d5 6. cxd5 Nxd5 7. e3 Be7 8. Bb5+
c6 9. Bd3 O-O 10. Qc2 h6 11. O-O 1/2-1/2

[Event "24th ECC"]
[Site "Kallithea GRE"]
[Date "2008.10.22"]
[Round "6"]
[White "Krasenkow, M."]
[Black "Beliavsky, A."]
[Result "0-1"]
[WhiteElo "2624"]
[BlackElo "2619"]
[PlyCount "84"]
[EventDate "2008.10.17"]
[SourceDate "1999.07.01"]

1. d4 Nf6 2. c4 e6 3. Nf3 b6 4. a3 Bb7 5. Nc3 d5 6. Bg5 Be7 7. Bxf6 Bxf6 8.
cxd5 exd5 9. Qb3 O-O 10. Rd1 c5 11. e3 c4 12. Qc2 Nd7 13. g3 a6 14. Bg2 b5 15.
O-O Re8 16. b3 Rb8 17. bxc4 dxc4 18. e4 Be7 19. Ra1 Qb6 20. e5 Bxf3 21. Bxf3
Qxd4 22. Rad1 Nxe5 23. Rxd4 Nxf3+ 24. Kg2 Nxd4 25. Qe4 Ne6 26. Qc6 Bxa3 27.
Qxa6 b4 28. Nb1 Rec8 29. Nxa3 Ra8 30. Qxc4 Rxc4 31. Nxc4 b3 32. Rb1 Rb8 33. Nd2
Nd4 34. f4 h5 35. Kh3 b2 36. Rd1 Nf5 37. Nb1 Rb3 38. Rd8+ Kh7 39. Rd7 f6 40.
Kg2 h4 41. g4 h3+ 42. Kg1 Nh4 0-1

[Event "24th ECC"]
[Site "Kallithea GRE"]
[Date "2008.10.22"]
[Round "6"]
[White "Eljanov, P."]
[Black "Kamsky, G."]
[Result "1-0"]
[WhiteElo "2720"]
[BlackElo "2729"]
[PlyCount "105"]
[EventDate "2008.10.17"]
[SourceDate "1999.07.01"]

1. Nf3 Nf6 2. c4 b6 3. d4 e6 4. g3 Ba6 5. Qb3 c6 6. Bg5 h6 7. Bxf6 Qxf6 8. Nc3
g5 9. Bg2 Qe7 10. h4 g4 11. Ne5 Bg7 12. O-O O-O 13. Rfd1 h5 14. e3 Rc8 15. Rac1
d6 16. Nd3 Bh6 17. Qa4 Bb7 18. d5 b5 19. dxc6 Bxc6 20. Nxb5 a6 21. Bxc6 Nxc6
22. Nc3 Bg7 23. Ne4 Ne5 24. Nxe5 Bxe5 25. Qa3 Rc6 26. Rc2 Qc7 27. Rcd2 Rxc4 28.
Nxd6 Rc1 29. Ne4 Rb8 30. Qd3 Rxd1+ 31. Rxd1 Rxb2 32. Ng5 Kf8 33. Qh7 Bg7 34.
Qxh5 Rxf2 35. Qxg4 Rf5 36. Qb4+ Kg8 37. Kg2 Rb5 38. Qf4 Rb2+ 39. Kh3 Qxf4 40.
Rd8+ Bf8 41. exf4 Re2 42. Ra8 f6 43. Nf3 Re3 44. Nd4 Re4 45. Nc6 Re3 46. h5 Kf7
47. Ra7+ Ke8 48. Ra8+ Kf7 49. Rxa6 e5 50. fxe5 fxe5 51. Nd8+ Ke7 52. Ne6 Rf3
53. Ng5 1-0

[Event "24th ECC"]
[Site "Kallithea GRE"]
[Date "2008.10.18"]
[Round "2"]
[White "Melkumyan, H."]
[Black "Tomashevsky, E."]
[Result "1/2-1/2"]
[WhiteElo "2541"]
[BlackElo "2646"]
[PlyCount "132"]
[EventDate "2008.10.17"]
[SourceDate "1999.07.01"]

1. d4 Nf6 2. c4 e6 3. Nf3 b6 4. g3 Bb7 5. Bg2 Be7 6. Nc3 O-O 7. Qc2 c5 8. d5
exd5 9. cxd5 Bxd5 10. Nxd5 Nxd5 11. Nh4 Nb4 12. Qd2 N8c6 13. Nf5 Bf6 14. O-O
Na6 15. Rd1 Nc7 16. Qxd7 Nd4 17. Qxd8 Raxd8 18. Nxd4 Bxd4 19. Kf1 Be5 20. Ke1
Rxd1+ 21. Kxd1 Nb5 22. a4 Rd8+ 23. Ke1 Nd4 24. Be4 Nb3 25. Rb1 Nxc1 26. Rxc1
Bxb2 27. Rc2 Rd4 28. Bd3 Ba3 29. Rc4 Bb4+ 30. Kf1 Rd8 31. Rc1 Kf8 32. Kg2 Ke7
33. f4 h6 34. Kf3 Rd6 35. Rc4 Bd2 36. Re4+ Kf8 37. h4 g6 38. Rc4 h5 39. Rc2 Bb4
40. Rc4 Rd8 41. f5 Rd6 42. fxg6 fxg6 43. Rf4+ Kg7 44. Re4 Kh6 45. Bc4 Be1 46.
Bd3 Bc3 47. Re7 Bd4 48. Bc4 Rf6+ 49. Kg2 Rf2+ 50. Kh3 Rf1 51. Rxa7 Rc1 52. Bg8
g5 53. Rh7+ Kg6 54. Rc7 gxh4 55. gxh4 Rc3+ 56. Kg2 Kf5 57. Bd5 Kg4 58. Bf3+
Kxh4 59. Rh7 Kg5 60. Rxh5+ Kf4 61. Rh6 Rb3 62. Re6 Kf5 63. Bd5 Rb4 64. Kf3 c4
65. e3 Bc5 66. Re4 c3 1/2-1/2

[Event "24th ECC"]
[Site "Kallithea GRE"]
[Date "2008.10.19"]
[Round "3"]
[White "Krasenkow, M."]
[Black "Cvek, R."]
[Result "1/2-1/2"]
[WhiteElo "2624"]
[BlackElo "2532"]
[PlyCount "92"]
[EventDate "2008.10.17"]
[SourceDate "1999.07.01"]

1. d4 Nf6 2. c4 e6 3. Nf3 b6 4. a3 Bb7 5. Nc3 d5 6. Bg5 Be7 7. Bxf6 Bxf6 8.
cxd5 exd5 9. Qb3 O-O 10. Rd1 Re8 11. e3 a6 12. Bd3 Qd6 13. O-O Nd7 14. Bb1 Re6
15. Ba2 c6 16. Rfe1 Rae8 17. e4 Qf4 18. e5 Bd8 19. Ne2 Qh6 20. g3 f6 21. Nf4
R6e7 22. Nd3 fxe5 23. Nfxe5 Nxe5 24. Nxe5 Bc7 25. f4 g5 26. Rf1 gxf4 27. Rxf4
Bxe5 28. dxe5 Rxe5 29. Qxb6 Qh3 30. Rdf1 Re2 31. R4f2 Rxf2 32. Qxf2 Qe6 33. Rd1
Bc8 34. Qf4 Rf8 35. Qg5+ Kh8 36. Rf1 h6 37. Qf4 Kg7 38. b4 Qf6 39. Qxf6+ Rxf6
40. Rxf6 Kxf6 41. Kf2 Ke5 42. Ke3 a5 43. Bb3 axb4 44. axb4 Bf5 45. Ba4 Be4 46.
Kd2 d4 1/2-1/2

[Event "1st WMSG Blitz Ind"]
[Site "Beijing CHN"]
[Date "2008.10.04"]
[Round "3"]
[White "Le Quang Liem"]
[Black "Kravtsiv, M."]
[Result "0-1"]
[WhiteElo "2583"]
[BlackElo "2549"]
[PlyCount "86"]
[EventDate "2008.10.04"]
[SourceDate "1999.07.01"]

1. d4 Nf6 2. Nf3 e6 3. c4 b6 4. g3 Bb7 5. Bg2 Be7 6. Nc3 O-O 7. Qc2 d5 8. cxd5
Nxd5 9. O-O Nd7 10. e4 Nxc3 11. bxc3 c5 12. Qe2 cxd4 13. cxd4 Nf6 14. e5 Nd5
15. h4 h6 16. Bd2 Rc8 17. Rfc1 Qd7 18. Nh2 Qa4 19. Be3 Ba3 20. Rxc8 Rxc8 21.
Rf1 Rc2 22. Qd3 Rxa2 23. Qb1 Rb2 24. Qe1 Bb4 25. Qc1 Rc2 26. Qb1 Nxe3 27. Bxb7
Nxf1 28. Qxf1 Qa3 29. Qb5 Bf8 30. Be4 Rc1+ 31. Kg2 Qb4 32. Qd3 Qc4 33. Qe3 Rd1
34. Qf4 Rxd4 35. Bh7+ Kxh7 36. Qxf7 Qd5+ 37. Nf3 Bc5 38. h5 Rg4 39. Kh3 Qe4 40.
Nh2 Rg5 41. f4 Qf5+ 42. Qxf5+ Rxf5 43. Nf3 a5 0-1

[Event "1st WMSG Blitz Ind"]
[Site "Beijing CHN"]
[Date "2008.10.04"]
[Round "4"]
[White "Nguyen Ngoc Truong Son"]
[Black "Le Quang Liem"]
[Result "0-1"]
[WhiteElo "2567"]
[BlackElo "2583"]
[PlyCount "88"]
[EventDate "2008.10.04"]
[SourceDate "1999.07.01"]

1. Nf3 Nf6 2. d4 e6 3. c4 b6 4. g3 Ba6 5. b3 Bb4+ 6. Bd2 Be7 7. Bg2 c6 8. O-O
O-O 9. Qc2 d5 10. Nc3 Nbd7 11. e4 dxc4 12. Rfd1 Qc8 13. Bg5 h6 14. Bf4 Rd8 15.
h3 cxb3 16. axb3 Bb4 17. Na2 Bf8 18. g4 Bb7 19. Nc3 Bb4 20. Na2 a5 21. g5 hxg5
22. Nxg5 Nh5 23. Bh2 Be7 24. h4 Nf8 25. Qe2 g6 26. Rac1 c5 27. d5 exd5 28. exd5
Bxg5 29. hxg5 Qf5 30. Nc3 Qxg5 31. Ne4 Qf5 32. Nd6 Rxd6 33. Bxd6 Nd7 34. Rc3
Ndf6 35. Rf3 Qg4 36. Qc4 Qd7 37. Be5 Ng4 38. Bb2 Re8 39. Rfd3 Ne5 40. Bxe5 Rxe5
41. Re3 Rg5 42. Qe4 Nf6 43. Qe7 Qg4 44. Rg3 Qxd1+ 0-1

[Event "1st WMSG Blitz Ind"]
[Site "Beijing CHN"]
[Date "2008.10.04"]
[Round "8"]
[White "Banikas, H."]
[Black "Le Quang Liem"]
[Result "1-0"]
[WhiteElo "2572"]
[BlackElo "2583"]
[PlyCount "59"]
[EventDate "2008.10.04"]
[SourceDate "1999.07.01"]

1. d4 Nf6 2. c4 e6 3. Nf3 b6 4. a3 Ba6 5. Qc2 c5 6. d5 exd5 7. cxd5 g6 8. Nc3
Bg7 9. g3 O-O 10. Bg2 d6 11. O-O Re8 12. Re1 Nbd7 13. Bf4 Bf8 14. a4 Nh5 15.
Bg5 Qc7 16. e4 Bg7 17. h3 c4 18. Nb5 Bxb5 19. axb5 Rec8 20. Be3 Ne5 21. Nxe5
Bxe5 22. Ra4 c3 23. bxc3 Bxc3 24. Rc1 Qd7 25. Qa2 Be5 26. Rxc8+ Rxc8 27. Rxa7
Qxb5 28. Qa6 Qb1+ 29. Kh2 Rc2 30. Qb7 1-0

[Event "1st WMSG Rapid Ind"]
[Site "Beijing CHN"]
[Date "2008.10.05"]
[Round "1"]
[White "Bartel, Mat"]
[Black "Kraai, J."]
[Result "1/2-1/2"]
[WhiteElo "2602"]
[BlackElo "2502"]
[PlyCount "88"]
[EventDate "2008.10.05"]
[SourceDate "1999.07.01"]

1. d4 Nf6 2. c4 e6 3. Nf3 b6 4. a3 Bb7 5. Nc3 d5 6. Bg5 Be7 7. Qa4+ c6 8. Bxf6
Bxf6 9. cxd5 exd5 10. g3 O-O 11. Bg2 Nd7 12. O-O Re8 13. Rad1 g6 14. Rfe1 Bg7
15. b4 a5 16. Qb3 axb4 17. axb4 Nf6 18. Ne5 Qd6 19. f4 Re7 20. e4 Rd8 21. b5
cxb5 22. Nxf7 Kxf7 23. e5 Qc6 24. Nxb5 Ne8 25. g4 Ba6 26. Bf1 Kg8 27. f5 gxf5
28. gxf5 Kh8 29. Kh1 Qh6 30. Bg2 Qh5 31. Rf1 Rxe5 32. dxe5 Bxe5 33. h3 Nf6 34.
Qe3 Re8 35. Qxb6 Qg5 36. Rf3 Rg8 37. Rg1 Bxb5 38. Qxb5 Bd4 39. Qe2 Ne4 40. Rd1
Bf6 41. Rxd5 Ng3+ 42. Rxg3 Qxg3 43. Rd3 Qf4 44. Rf3 Qd4 1/2-1/2

[Event "1st WMSG Rapid Ind"]
[Site "Beijing CHN"]
[Date "2008.10.06"]
[Round "4"]
[White "Adianto, U."]
[Black "Bartel, Mat"]
[Result "0-1"]
[WhiteElo "2554"]
[BlackElo "2602"]
[PlyCount "116"]
[EventDate "2008.10.05"]
[SourceDate "1999.07.01"]

1. d4 Nf6 2. Nf3 e6 3. c4 b6 4. g3 Ba6 5. Nbd2 d5 6. Bg2 Bd6 7. O-O O-O 8. b3
c5 9. Bb2 Nc6 10. Re1 cxd4 11. cxd5 Nxd5 12. Rc1 Nc3 13. Bxc3 dxc3 14. Rxc3 Rc8
15. Qb1 Bb4 16. Rc2 Nd4 17. Rxc8 Nxf3+ 18. Nxf3 Qxc8 19. Rc1 Qd8 20. Qe4 Bc5
21. b4 Be7 22. a3 Bf6 23. h4 Qd7 24. Ng5 g6 25. Qf4 Bd8 26. Bf3 f6 27. Ne4 e5
28. Qd2 Rf7 29. Qc2 f5 30. Rd1 Qc7 31. Qxc7 Bxc7 32. Ng5 Re7 33. Bd5+ Kg7 34.
Ne6+ Kf6 35. Rc1 Bd6 36. Rc6 Rxe6 37. Bxe6 Kxe6 38. e3 Kd7 39. Rc1 Bd3 40. Kg2
e4 41. h5 g5 42. f3 exf3+ 43. Kxf3 Be4+ 44. Kf2 a5 45. bxa5 bxa5 46. Rc4 Bxa3
47. g4 Bb4 48. gxf5 Bxf5 49. h6 Be6 50. Rd4+ Ke7 51. Re4 Kf6 52. Ke2 Bf5 53.
Rd4 Kg6 54. Rd5 Bg4+ 55. Kf2 Kxh6 56. Kg3 Be6 57. Rb5 Kg6 58. e4 h5 0-1

[Event "1st WMSG Rapid Ind"]
[Site "Beijing CHN"]
[Date "2008.10.06"]
[Round "4"]
[White "Gonzalez Garcia, J2."]
[Black "Leon Hoyos, M."]
[Result "1/2-1/2"]
[WhiteElo "2508"]
[BlackElo "2535"]
[PlyCount "29"]
[EventDate "2008.10.05"]
[SourceDate "1999.07.01"]

1. d4 Nf6 2. Nf3 e6 3. c4 b6 4. g3 Bb7 5. Bg2 Be7 6. O-O O-O 7. Nc3 Ne4 8. Nxe4
Bxe4 9. Nh4 Bxg2 10. Nxg2 d5 11. Qa4 Qe8 12. Qxe8 Rxe8 13. cxd5 exd5 14. Nf4
Rd8 15. Nd3 1/2-1/2

[Event "1st WMSG Rapid Ind"]
[Site "Beijing CHN"]
[Date "2008.10.06"]
[Round "5"]
[White "Leon Hoyos, M."]
[Black "Kraai, J."]
[Result "0-1"]
[WhiteElo "2535"]
[BlackElo "2502"]
[PlyCount "81"]
[EventDate "2008.10.05"]
[SourceDate "1999.07.01"]

1. d4 Nf6 2. c4 e6 3. Nf3 b6 4. g3 Ba6 5. Qc2 c5 6. d5 exd5 7. cxd5 Bb7 8. Bg2
Bxd5 9. Nc3 Bb7 10. e4 Be7 11. e5 Nd5 12. Qe4 Nb4 13. Qxb7 N8c6 14. e6 fxe6 15.
Ne5 Rb8 16. Nxc6 dxc6 17. Bxc6+ Kf7 18. Qd7 Nc2+ 19. Kd1 Nxa1 20. Bd2 Qxd7 21.
Bxd7 Rbd8 22. Bb5 Rd4 23. Kc1 Rhd8 24. Be3 Rb4 25. Kb1 Bf6 26. a3 Rb3 27. Bc4
Bxc3 28. Bxb3 Nxb3 29. bxc3 Nd2+ 30. Kc2 Nc4 31. Bc1 b5 32. Re1 a5 33. a4 bxa4
34. Re4 Nb6 35. Be3 Rd5 36. c4 Rh5 37. h4 h6 38. f4 Nd7 39. Bf2 Rf5 40. g4 Nf6
41. Re2 0-1

[Event "1st WMSG Blitz Pair"]
[Site "Beijing CHN"]
[Date "2008.10.08"]
[Round "1"]
[White "Le Quang Liem"]
[Black "Zhang Zhong"]
[Result "1-0"]
[WhiteElo "2583"]
[BlackElo "2649"]
[PlyCount "101"]
[EventDate "2008.10.08"]
[SourceDate "1999.07.01"]

1. d4 Nf6 2. Nf3 e6 3. c4 b6 4. g3 Ba6 5. b3 Bb7 6. Bg2 Bb4+ 7. Bd2 a5 8. O-O
O-O 9. a3 Be7 10. Nc3 d5 11. Qc2 Nbd7 12. Rfd1 c5 13. Nb5 Ne4 14. Bf4 Rc8 15.
Rac1 cxd4 16. Qa2 g5 17. Bd2 e5 18. Be1 dxc4 19. bxc4 Bc5 20. Nd2 f5 21. Nf1
Qe7 22. e3 dxe3 23. Nxe3 Bxe3 24. fxe3 Ndc5 25. Qe2 g4 26. Rb1 Rcd8 27. Nc3 Ng5
28. Nd5 Qg7 29. Rxb6 e4 30. Bc3 Qd7 31. Nf6+ Rxf6 32. Rxd7 Rxd7 33. Bxf6 Nf3+
34. Bxf3 exf3 35. Qf1 Ne4 36. Bd4 f2+ 37. Kg2 Nd2+ 38. Rxb7 Rxb7 39. Qxf2 Nf3
40. Qe2 Rb1 41. c5 Rc1 42. Qb2 Rg1+ 43. Kf2 Rh1 44. Qb8+ Kf7 45. Qb7+ Ke6 46.
Qc6+ Kf7 47. Qf6+ Ke8 48. Qxf5 Rxh2+ 49. Kf1 Nd2+ 50. Ke1 Nf3+ 51. Kd1 1-0

[Event "1st WMSG Rapid Pair"]
[Site "Beijing CHN"]
[Date "2008.10.11"]
[Round "8"]
[White "Gyimesi, Z."]
[Black "Adianto, U."]
[Result "0-1"]
[WhiteElo "2592"]
[BlackElo "2554"]
[PlyCount "46"]
[EventDate "2008.10.09"]
[SourceDate "1999.07.01"]

1. d4 Nf6 2. c4 e6 3. Nf3 b6 4. g3 Ba6 5. Nbd2 d5 6. Bg2 Be7 7. O-O O-O 8. Ne5
c5 9. dxc5 bxc5 10. e4 Qc7 11. exd5 exd5 12. Re1 Bb7 13. Ng4 dxc4 14. Rxe7 Qxe7
15. Nxf6+ gxf6 16. Ne4 Bxe4 17. Qg4+ Bg6 18. Bxa8 Qe1+ 19. Kg2 Nd7 20. Bh6 Qxa1
21. Qxd7 Rxa8 22. Qc6 Rb8 23. Qxf6 Qxb2 0-1

[Event "1st WMSG Blitz Team"]
[Site "Beijing CHN"]
[Date "2008.10.13"]
[Round "2"]
[White "Kulaots, K."]
[Black "Miezis, N."]
[Result "1/2-1/2"]
[WhiteElo "2556"]
[BlackElo "2552"]
[PlyCount "63"]
[EventDate "2008.10.13"]
[SourceDate "1999.07.01"]

1. d4 Nf6 2. Nf3 e6 3. c4 b6 4. g3 Ba6 5. b3 Bb4+ 6. Bd2 Qe7 7. Nc3 Bxc3 8.
Bxc3 Ne4 9. Bb2 d5 10. Bg2 Qb4+ 11. Nd2 O-O 12. a3 Qxd2+ 13. Qxd2 Nxd2 14. Kxd2
c6 15. Rac1 Nd7 16. cxd5 cxd5 17. Rc7 Nf6 18. Rhc1 Rfc8 19. a4 h6 20. h3 Ne8
21. Rxc8 Rxc8 22. Rxc8 Bxc8 23. Ba3 f6 24. h4 Kf7 25. e3 Ba6 26. Bf3 g6 27. Bb4
f5 28. a5 bxa5 29. Bxa5 Bb5 30. Kc3 Nd6 31. Bc7 Ne4+ 32. Bxe4 1/2-1/2

[Event "1st WMSG Blitz Team"]
[Site "Beijing CHN"]
[Date "2008.10.13"]
[Round "8"]
[White "Dao Thien Hai"]
[Black "Kunte, A."]
[Result "1-0"]
[WhiteElo "2510"]
[BlackElo "2536"]
[PlyCount "98"]
[EventDate "2008.10.13"]
[SourceDate "1999.07.01"]

1. d4 Nf6 2. c4 e6 3. Nf3 b6 4. g3 Ba6 5. Qc2 Bb4+ 6. Bd2 Bxd2+ 7. Nbxd2 d5 8.
Bg2 O-O 9. O-O Nbd7 10. Rac1 c5 11. Rfd1 Qe7 12. Qa4 Bb7 13. e3 h6 14. Ne5 Rfc8
15. Nxd7 Nxd7 16. cxd5 exd5 17. dxc5 Nxc5 18. Qa3 Qf6 19. b4 Ne4 20. Nxe4 dxe4
21. Rxc8+ Rxc8 22. Qxa7 Rc2 23. Qb8+ Kh7 24. Qf4 Qxf4 25. gxf4 Rxa2 26. Bf1 Rb2
27. b5 Bc8 28. Rd6 Rb1 29. Kg2 Bg4 30. Bc4 Bf3+ 31. Kh3 Rg1 32. Bxf7 g5 33.
fxg5 hxg5 34. Be6 Kg7 35. Bf5 Rg2 36. Rxb6 g4+ 37. Kh4 Rxh2+ 38. Kg5 Rxf2 39.
Rb7+ Kf8 40. b6 Ke8 41. Rc7 Rb2 42. b7 g3 43. Rc8+ Ke7 44. b8=Q Rxb8 45. Rxb8
g2 46. Rb1 Be2 47. Rg1 Bf1 48. Bh3 Kd6 49. Bxg2 Kd5 1-0

[Event "1st WMSG Blitz Team"]
[Site "Beijing CHN"]
[Date "2008.10.13"]
[Round "9"]
[White "Dao Thien Hai"]
[Black "Kravtsiv, M."]
[Result "0-1"]
[WhiteElo "2510"]
[BlackElo "2549"]
[PlyCount "61"]
[EventDate "2008.10.13"]
[SourceDate "1999.07.01"]

1. d4 Nf6 2. c4 e6 3. Nf3 b6 4. g3 Bb7 5. Bg2 Be7 6. O-O O-O 7. Nc3 Ne4 8. Nxe4
Bxe4 9. Re1 d6 10. Bf1 c5 11. b3 Bxf3 12. exf3 Bf6 13. Be3 Nc6 14. dxc5 Bxa1
15. Qxa1 dxc5 16. f4 Qf6 17. Qc1 Rad8 18. Bg2 Nd4 19. Be4 h6 20. Kg2 Rd7 21. h4
Rfd8 22. Qb1 Nf5 23. Bc1 Nd4 24. h5 Kh8 25. Bb2 Re7 26. Bc1 Rde8 27. Bd2 e5 28.
fxe5 Rxe5 29. Bf4 R5e7 30. f3 Ne6 31. Bd6 0-1

[Event "1st WMSG Rapid Team"]
[Site "Beijing CHN"]
[Date "2008.10.15"]
[Round "3"]
[White "Stefansson, H."]
[Black "Almasi, Z."]
[Result "1/2-1/2"]
[WhiteElo "2575"]
[BlackElo "2663"]
[PlyCount "129"]
[EventDate "2008.10.14"]
[SourceDate "1999.07.01"]

1. d4 Nf6 2. c4 e6 3. Nf3 b6 4. g3 Ba6 5. b3 Bb4+ 6. Bd2 Be7 7. Bg2 c6 8. Bc3
d5 9. Ne5 Nfd7 10. Nxd7 Nxd7 11. Nd2 O-O 12. O-O Nf6 13. Re1 c5 14. e4 cxd4 15.
Bxd4 dxc4 16. Nxc4 Bxc4 17. bxc4 Rc8 18. e5 Nd7 19. Qe2 Qc7 20. Rac1 Rfd8 21.
Qf3 Nc5 22. Red1 Rd7 23. Bf1 Rcd8 24. Ba1 g6 25. Qe2 Qc6 26. Rxd7 Qxd7 27. Qc2
Qd2 28. Bc3 Qxc2 29. Rxc2 Ne4 30. Be1 Nc5 31. Bb4 Rd1 32. Re2 Rc1 33. Bxc5 Bxc5
34. Rd2 Re1 35. Re2 Rd1 36. Kg2 Kf8 37. Rc2 Ke7 38. Be2 Rd4 39. f4 a5 40. a4 h6
41. h4 Re4 42. Bf3 Re3 43. Bc6 g5 44. hxg5 hxg5 45. Rd2 Kf8 46. Rd8+ Kg7 47.
Be8 gxf4 48. gxf4 Kf8 49. Bc6+ Kg7 50. Be8 f6 51. Rd7+ Kf8 52. Bf7 fxe5 53.
Bxe6 exf4 54. Rf7+ Ke8 55. Bd5 Bd6 56. Rf6 Ke7 57. Rf7+ Kd8 58. Rf6 Kd7 59.
Rf7+ Ke8 60. Rf6 Bc7 61. Re6+ Rxe6 62. Bxe6 Ke7 63. Bg4 Kd6 64. Kf3 Kc5 65. Bd7
1/2-1/2

[Event "1st WMSG Rapid Team"]
[Site "Beijing CHN"]
[Date "2008.10.16"]
[Round "7"]
[White "Dao Thien Hai"]
[Black "Kraai, J."]
[Result "0-1"]
[WhiteElo "2510"]
[BlackElo "2502"]
[PlyCount "94"]
[EventDate "2008.10.14"]
[SourceDate "1999.07.01"]

1. d4 e6 2. c4 Nf6 3. Nf3 b6 4. g3 Ba6 5. Qc2 Bb7 6. Bg2 c5 7. O-O cxd4 8. Nxd4
Bxg2 9. Kxg2 Be7 10. Rd1 O-O 11. e4 Qc7 12. b3 a6 13. Bb2 d6 14. Qe2 Nbd7 15.
Nc3 Qb7 16. f3 Rfe8 17. Rd2 Bf8 18. Rad1 Ne5 19. a4 Rac8 20. Nc2 Nfd7 21. f4
Ng6 22. Qf3 Nc5 23. b4 Nd7 24. Ne3 Nf6 25. Rd3 Rc7 26. Ba3 Nd7 27. h4 Rec8 28.
h5 Nge5 29. fxe5 Nxe5 30. Qe2 Nxd3 31. Qxd3 Be7 32. b5 axb5 33. axb5 h6 34. Kh2
Bg5 35. Bxd6 Rd7 36. c5 Rxc5 37. Na4 Bxe3 38. Qxe3 Rxh5+ 39. Kg1 Rxb5 40. Nc3
Rb3 41. e5 Rd8 42. Rd3 Rc8 43. Ne2 Rxd3 44. Qxd3 b5 45. Qd4 Qf3 46. Qf2 Qe4 47.
Bb4 Qf3 0-1

[Event "1st WMSG Rapid Team KO"]
[Site "Beijing CHN"]
[Date "2008.10.17"]
[Round "2.1"]
[White "Wang Yue"]
[Black "Korobov, A."]
[Result "1/2-1/2"]
[WhiteElo "2736"]
[BlackElo "2605"]
[PlyCount "99"]
[EventDate "2008.10.14"]
[SourceDate "1999.07.01"]

1. d4 Nf6 2. c4 e6 3. Nf3 b6 4. g3 Bb7 5. Bg2 Be7 6. O-O O-O 7. Re1 d5 8. cxd5
exd5 9. Nc3 c5 10. Ne5 Nc6 11. Nxc6 Bxc6 12. Bg5 Rc8 13. e3 h6 14. Bxf6 Bxf6
15. dxc5 bxc5 16. Nxd5 Bxb2 17. Rb1 Be5 18. Qd3 Re8 19. Red1 Qd6 20. Nf4 Qf6
21. Bxc6 Qxc6 22. Qd5 c4 23. Qxc6 Rxc6 24. Rdc1 Rd8 25. Rc2 c3 26. Kg2 Rd2 27.
Rxd2 cxd2 28. Rd1 Rc2 29. a4 Bc3 30. Kf3 Ra2 31. Nd5 Ba5 32. Ne7+ Kf8 33. Nc6
Bb6 34. Ke2 Rxa4 35. Rxd2 Ke8 36. h4 h5 37. Kf3 g6 38. Nd4 a5 39. Ke4 Ke7 40.
Rb2 Bc5 41. Rb7+ Kf6 42. Rc7 Bxd4 43. exd4 Ra2 44. Rc6+ Ke7 45. f3 a4 46. Ra6
a3 47. Kf4 Ra1 48. d5 a2 49. Kg5 Rd1 50. Rxa2 1/2-1/2

[Event "17th CRO-chT 1a"]
[Site "Sibenik CRO"]
[Date "2008.09.27"]
[Round "1"]
[White "Cvitan, O."]
[Black "Hracek, Z."]
[Result "1/2-1/2"]
[WhiteElo "2541"]
[BlackElo "2625"]
[PlyCount "29"]
[EventDate "2008.09.27"]
[SourceDate "1999.07.01"]

1. d4 Nf6 2. c4 e6 3. Nf3 b6 4. g3 Ba6 5. b3 Bb4+ 6. Bd2 Be7 7. Bg2 c6 8. Bc3
d5 9. Nbd2 Nbd7 10. O-O O-O 11. Re1 c5 12. e4 dxe4 13. Nxe4 Bb7 14. Ned2 Re8
15. Qe2 1/2-1/2

[Event "17th CRO-chT 1a"]
[Site "Sibenik CRO"]
[Date "2008.09.30"]
[Round "4"]
[White "Horvath, Cs1"]
[Black "Palac, M."]
[Result "1/2-1/2"]
[WhiteElo "2537"]
[BlackElo "2587"]
[PlyCount "30"]
[EventDate "2008.09.27"]
[SourceDate "1999.07.01"]

1. d4 Nf6 2. c4 e6 3. Nf3 b6 4. g3 Ba6 5. b3 Bb4+ 6. Bd2 Be7 7. Bg2 c6 8. Bc3
d5 9. Nbd2 Nbd7 10. O-O O-O 11. Re1 c5 12. e4 dxe4 13. Nxe4 Bb7 14. Nfg5 cxd4
15. Bxd4 Qc7 1/2-1/2

[Event "17th CRO-chT 1a"]
[Site "Sibenik CRO"]
[Date "2008.09.01"]
[Round "5"]
[White "Lalic, B."]
[Black "Hracek, Z."]
[Result "1/2-1/2"]
[WhiteElo "2533"]
[BlackElo "2625"]
[PlyCount "39"]
[EventDate "2008.09.27"]
[SourceDate "1999.07.01"]

1. d4 Nf6 2. c4 e6 3. Nf3 b6 4. g3 Ba6 5. b3 Bb4+ 6. Bd2 Be7 7. Bg2 c6 8. Bc3
d5 9. Nbd2 Nbd7 10. O-O O-O 11. Re1 c5 12. e4 dxe4 13. Nxe4 Bb7 14. Nxf6+ Bxf6
15. Qd2 cxd4 16. Bxd4 Qc7 17. Rad1 Rfd8 18. Qe3 Rac8 19. Bxf6 Nxf6 20. Ne5
1/2-1/2

[Event "17th CRO-chT 1a"]
[Site "Sibenik CRO"]
[Date "2008.09.02"]
[Round "6"]
[White "Jankovic, A."]
[Black "Palac, M."]
[Result "1/2-1/2"]
[WhiteElo "2532"]
[BlackElo "2587"]
[PlyCount "64"]
[EventDate "2008.09.27"]
[SourceDate "1999.07.01"]

1. d4 Nf6 2. c4 e6 3. Nf3 b6 4. g3 Ba6 5. Qc2 Bb7 6. Bg2 c5 7. d5 exd5 8. cxd5
Nxd5 9. O-O Be7 10. Rd1 Nc6 11. Qa4 Nf6 12. e4 O-O 13. e5 Ne8 14. Nc3 Nc7 15.
h4 Ne6 16. h5 f5 17. Nd5 h6 18. a3 Rb8 19. Be3 Qe8 20. b4 Bg5 21. Nxg5 hxg5 22.
bxc5 Nxe5 23. cxb6 axb6 24. Rab1 f4 25. gxf4 gxf4 26. Bxf4 Nxf4 27. Nxf4 Bxg2
28. Kxg2 Qe7 29. Qb3+ Kh7 30. Ng6 Qg5+ 31. Qg3 Qxg3+ 32. fxg3 Nxg6 1/2-1/2

[Event "17th CRO-chT 1a"]
[Site "Sibenik CRO"]
[Date "2008.09.03"]
[Round "7"]
[White "Pinter, J."]
[Black "Horvath, Cs1"]
[Result "1/2-1/2"]
[WhiteElo "2535"]
[BlackElo "2537"]
[PlyCount "60"]
[EventDate "2008.09.27"]
[SourceDate "1999.07.01"]

1. d4 Nf6 2. c4 e6 3. Nf3 b6 4. g3 Ba6 5. b3 Bb4+ 6. Bd2 Be7 7. Bc3 c6 8. Bg2
d5 9. Ne5 Nfd7 10. Nxd7 Nxd7 11. Nd2 O-O 12. O-O Rc8 13. e4 c5 14. exd5 exd5
15. dxc5 dxc4 16. c6 cxb3 17. Re1 b2 18. Bxb2 Nc5 19. Nb3 Nd3 20. Re2 Nxb2 21.
Rxb2 Qxd1+ 22. Rxd1 Rfd8 23. Rbd2 Rxd2 24. Rxd2 Rd8 25. Rxd8+ Bxd8 26. Nd4 Bc4
27. Bf1 Bd5 28. Bg2 Bc4 29. Bf1 Bd5 30. Bg2 Bc4 1/2-1/2

[Event "17th CRO-chT 1a"]
[Site "Sibenik CRO"]
[Date "2008.09.04"]
[Round "8"]
[White "Jankovic, A."]
[Black "Lenic, L."]
[Result "1-0"]
[WhiteElo "2532"]
[BlackElo "2584"]
[PlyCount "63"]
[EventDate "2008.09.27"]
[SourceDate "1999.07.01"]

1. d4 Nf6 2. c4 e6 3. Nf3 b6 4. g3 Ba6 5. Qc2 Bb4+ 6. Bd2 Be7 7. e4 d5 8. cxd5
Bxf1 9. Kxf1 exd5 10. e5 Ne4 11. Nc3 Nxc3 12. bxc3 Qd7 13. Kg2 Nc6 14. c4 O-O-O
15. Rac1 Kb7 16. Qb3 h5 17. h3 f6 18. Rhe1 fxe5 19. dxe5 Qe6 20. c5 Rhf8 21.
cxb6 cxb6 22. a4 Rf7 23. a5 Rdf8 24. Re3 Bd8 25. Be1 Rd7 26. Qa4 Rxf3 27. a6+
Kc7 28. Rxf3 d4 29. Bb4 Qd5 30. Bd6+ Rxd6 31. exd6+ Kxd6 32. Rxc6+ 1-0

[Event "17th CRO-chT 1a"]
[Site "Sibenik CRO"]
[Date "2008.09.05"]
[Round "9"]
[White "Lenic, L."]
[Black "Palac, M."]
[Result "1/2-1/2"]
[WhiteElo "2584"]
[BlackElo "2587"]
[PlyCount "37"]
[EventDate "2008.09.27"]
[SourceDate "1999.07.01"]

1. d4 Nf6 2. c4 e6 3. Nf3 b6 4. Nc3 Bb4 5. Bg5 h6 6. Bh4 g5 7. Bg3 Ne4 8. Qc2
Bb7 9. Nd2 Bxc3 10. bxc3 Nxg3 11. hxg3 Qf6 12. g4 d6 13. e3 Nd7 14. Rh2 c5 15.
Bd3 Qe7 16. f3 Nf6 17. Qa4+ Kf8 18. e4 Kg7 19. O-O-O 1/2-1/2

[Event "17th CRO-chT 1a"]
[Site "Sibenik CRO"]
[Date "2008.09.05"]
[Round "9"]
[White "Kuljasevic, D."]
[Black "Horvath, Cs1"]
[Result "1/2-1/2"]
[WhiteElo "2501"]
[BlackElo "2537"]
[PlyCount "28"]
[EventDate "2008.09.27"]
[SourceDate "1999.07.01"]

1. d4 Nf6 2. c4 e6 3. Nf3 b6 4. g3 Bb7 5. Bg2 Be7 6. O-O O-O 7. Nc3 Ne4 8. Nxe4
Bxe4 9. Ne1 Bxg2 10. Nxg2 d5 11. Qa4 dxc4 12. Qxc4 c5 13. dxc5 Bxc5 14. Be3 Nd7
1/2-1/2